000 00445nam a22001817a 4500
003 MPLRDC
005 20220104143719.0
008 210129b ||||| |||| 00| 0 eng d
020 _a7-80053-255-0
082 _a802.3 WZH
100 _a王兆海、王凤琴 编
245 _a择词手册
_c
250 _a一版二刷
260 _a
_b华夏出版社
_c1992
300 _b
650 _a字典; 字汇; 辞书
942 _cBK
_o802.3 WZH
999 _c42609
_d42599